[Event "Max Euwe Challenge"]
[Site "Amsterdam NED"]
[Date "2010.02.26"]
[Round "7"]
[White "Vedder,H"]
[Black "Motoc,A"]
[Result "1-0"]
[WhiteElo "2377"]
[BlackElo "2349"]
[EventDate "2010.02.21"]

1. e4 c5 2. Nf3 d6 3. Nc3 Nf6 4. e5 dxe5 5. Nxe5 Nbd7 6. Nc4 g6 7. g3 Bg7
8. Bg2 Nb6 9. Ne3 Rb8 10. d3 O-O 11. a4 Be6 12. O-O Qd7 13. Re1 Rfd8 14. a5
Nc8 15. Qe2 Nd6 16. Nc4 Nxc4 17. dxc4 Bg4 18. Qf1 e5 19. Rxe5 Nh5 20. Rd5
Qe8 21. Be3 b6 22. axb6 axb6 23. Ra7 Bxc3 24. bxc3 Nf6 25. Rxd8 Rxd8 26.
Ra1 Qe5 27. Qe1 Qh5 28. h4 Qf5 29. Bg5 Re8 30. Ra8 Rxa8 31. Bxa8 Bf3 32.
Qe7 Ng4 33. Qd8+ Kg7 34. Be7 h6 35. Bxf3 Qxf3 36. Qd2 Qe4 37. Bd6 Qxc4 38.
f3 Nf6 39. Be5 Qe6 40. Qf4 Qf5 41. Qxf5 gxf5 42. h5 1-0

[Event "Max Euwe Challenge"]
[Site "Amsterdam NED"]
[Date "2010.02.26"]
[Round "7"]
[White "Kleijn,C"]
[Black "Schut,L"]
[Result "1-0"]
[WhiteElo "2359"]
[BlackElo "2219"]
[EventDate "2010.02.21"]

1. e4 e6 2. d4 d5 3. Nc3 Nf6 4. e5 Nfd7 5. f4 c5 6. Nf3 Nc6 7. Be3 a6 8.
Qd2 b5 9. dxc5 Bxc5 10. Bxc5 Nxc5 11. Nd4 Bb7 12. a4 b4 13. Nce2 Ne4 14.
Qe3 Rc8 15. Nxc6 Bxc6 16. Nd4 Qa5 17. Nb3 Qc7 18. Bxa6 Ra8 19. Bd3 Rxa4 20.
O-O O-O 21. Bxe4 dxe4 22. Qc5 Qd7 23. Qd4 Qb7 24. Nc5 Qb6 25. Nxe6 Rb8 26.
Qxb6 Rxb6 27. Nd4 h6 28. Rxa4 Bxa4 29. Kf2 f5 30. Ra1 Bd7 31. Ra7 Be6 32.
Re7 Bd5 33. Nxf5 b3 34. c3 Ra6 35. Rxg7+ Kf8 36. Rd7 1-0

[Event "Max Euwe Challenge"]
[Site "Amsterdam NED"]
[Date "2010.02.27"]
[Round "8"]
[White "Bezemer,A"]
[Black "Singh,Gurp"]
[Result "1/2-1/2"]
[WhiteElo "2343"]
[BlackElo "2303"]
[EventDate "2010.02.21"]

1. e4 e6 2. d4 d5 3. Nd2 Nf6 4. e5 Nfd7 5. Bd3 c5 6. c3 Nc6 7. Ngf3 g6 8.
h4 Be7 9. Nf1 cxd4 10. cxd4 Qb6 11. Bc2 Bb4+ 12. Ke2 f6 13. exf6 Nxf6 14.
h5 gxh5 15. Ng3 e5 16. dxe5 Ng4 17. Rf1 Ngxe5 18. Qxd5 Bg4 19. Be3 Qa6+ 20.
Bd3 Nxd3 21. Qxd3 h4 22. Qxa6 bxa6 23. Ne4 O-O 24. Rac1 Ne5 25. Bd4 Nxf3
26. gxf3 Bxf3+ 27. Ke3 Bxe4 28. Kxe4 Rae8+ 29. Kd3 Rf3+ 30. Kc4 Ba5 31.
Rg1+ Kf8 32. Rcd1 Bb6 33. Bc3 Rc8+ 34. Kb3 Rd8 35. Rc1 Ba5 36. Rg4 Bxc3 37.
bxc3 Rb8+ 38. Kc4 Rb7 39. Rxh4 Rxf2 40. a4 Rbf7 41. Rch1 Kg8 42. Rg1+ Kh8
43. Rg3 R2f6 44. Kd5 Rf5+ 45. Kd4 Rd7+ 46. Kc4 Rc7+ 47. Kb3 a5 48. Rd4 h5
49. c4 Rg7 50. Rh3 Rb7+ 51. Kc3 Rc7 52. Kd3 Rb7 53. Kc3 Rc7 54. Kd3 Kg8 55.
Rd5 Rc5 56. Kd4 Rcxd5+ 57. cxd5 Kf8 58. Kc5 Ke8 59. Kc6 Rf6+ 60. d6 Rf1 61.
Rxh5 Rc1+ 62. Kb5 Rd1 63. Rh8+ Kd7 64. Kxa5 Rxd6 65. Rh7+ Kc8 66. Rxa7
1/2-1/2

[Event "Max Euwe Challenge"]
[Site "Amsterdam NED"]
[Date "2010.02.27"]
[Round "8"]
[White "Afek,Y"]
[Black "Vedder,H"]
[Result "1/2-1/2"]
[WhiteElo "2280"]
[BlackElo "2377"]
[EventDate "2010.02.21"]

1. e4 e6 2. d4 d5 3. e5 c5 4. c3 Nc6 5. Nf3 Nh6 6. Bd3 cxd4 7. cxd4 Nf5 8.
Bxf5 exf5 9. Nc3 Be6 10. Be3 Rc8 11. h4 Qb6 12. Qb3 Qxb3 13. axb3 Kd7 14.
Ke2 h6 15. g3 Be7 16. Ne1 Kc7 17. f4 Kb8 18. Nd3 Bd8 19. Ra4 Bb6 20. Rha1
Rhd8 21. Nb5 h5 22. b4 Bd7 23. Nd6 Nxd4+ 24. Bxd4 Bxd4 25. Ra5 Rc2+ 26. Kd1
Rg2 27. Nxf7 Rf8 28. Nd6 Bb6 29. Nc5 Bc8 30. R1a3 Rxb2 31. e6 Bxc5 32. bxc5
Bxe6 33. Rxa7 Kc7 34. Re3 Bd7 35. Re7 g6 36. Rg7 Kc6 37. Kc1 Rb4 38. Kc2 d4
39. Kd3 Be6 40. Rxg6 Kd5 41. Rxb7 Rxb7 42. Nxb7 Ra8 43. c6 Ra3+ 44. Kc2
Rc3+ 45. Kd2 Rxc6 46. Rh6 Rc3 47. Nd8 Bc8 48. Rxh5 Rxg3 49. Nf7 Rg2+ 50.
Ke1 d3 51. Rh8 Bd7 52. Rd8 Ke6 53. Ng5+ Ke7 54. Ra8 d2+ 55. Kd1 Be8 56.
Ra7+ Kd6 57. Nf7+ Ke6 58. Ng5+ Kd5 59. Nf7 Kd4 60. h5 Rg7 61. h6 Rh7 62.
Kxd2 Bxf7 63. Ra4+ Kd5 64. Ke3 Be8 65. Ra5+ Kd6 66. Rxf5 Rxh6 67. Kd4 Rh1
68. Rf6+ Ke7 69. Ra6 Bd7 70. Ke5 Re1+ 71. Kd5 Be6+ 72. Kd4 Kf6 73. Ra5 Bf5
74. Re5 Ra1 75. Ke3 Ra4 76. Re8 Bg6 77. Re5 Ra3+ 78. Kf2 Bf7 79. Re3 Ra4
80. Kg3 Bd5 81. Rc3 Kf5 82. Rd3 Ke4 83. Rd1 Ra3+ 84. Kg4 Be6+ 85. Kg5 Ra5+
86. Kf6 Bg4 87. Rf1 Bf3 88. Rb1 Kxf4 89. Rb4+ Be4 90. Rb6 Rh5 91. Rd6 Ra5
92. Rb6 Ra7 93. Rd6 Rb7 94. Ra6 Rc7 95. Rb6 Bd3 96. Rb4+ Bc4 97. Rb6 Rc5
98. Rd6 Rf5+ 99. Kg6 Ke5 100. Rd1 Bf7+ 101. Kg7 Bd5 102. Kg6 Be4 103. Kg7
Rg5+ 104. Kh6 Rg6+ 105. Kh5 Rg8 106. Ra1 Bf5 107. Ra4 Be4 108. Ra6 Kf4 109.
Kh6 Rg1 110. Rb6 Bf5 111. Rc6 Ke5 112. Ra6 Be6 113. Kh5 Kf6 114. Ra4 Rg3
115. Rb4 Ra3 116. Rd4 Kf5 117. Kh4 Kg6 118. Rd3 Rxd3 1/2-1/2

[Event "Max Euwe Challenge"]
[Site "Amsterdam NED"]
[Date "2010.02.27"]
[Round "8"]
[White "Motoc,A"]
[Black "Shiven,K"]
[Result "1-0"]
[WhiteElo "2349"]
[BlackElo "2291"]
[EventDate "2010.02.21"]

1. d4 d5 2. c4 c6 3. Nf3 Nf6 4. Nc3 dxc4 5. a4 Bf5 6. e3 e6 7. Bxc4 Bb4 8.
O-O Nbd7 9. Qe2 Bg6 10. e4 O-O 11. Bd3 Bh5 12. e5 Nd5 13. Nxd5 cxd5 14. Qe3
Bg6 15. Bxg6 fxg6 16. Ng5 Re8 17. Bd2 Bxd2 18. Qxd2 Qb6 19. a5 Qb5 20. Qf4
Nf8 21. Qf7+ Kh8 22. Rac1 Qd7 23. Qxd7 Nxd7 24. Rc7 Nf8 25. Nf7+ Kg8 26.
Nd6 Reb8 27. Rfc1 b6 28. a6 Rd8 29. Rb7 Rd7 30. Rxd7 Nxd7 31. Rc7 Nf8 32.
Nb5 Rd8 33. Rxa7 Rb8 34. Rc7 g5 35. a7 Ra8 36. Rb7 Rc8 37. Nc7 1-0

[Event "Max Euwe Challenge"]
[Site "Amsterdam NED"]
[Date "2010.02.28"]
[Round "9"]
[White "Kleijn,C"]
[Black "Motoc,A"]
[Result "0-1"]
[WhiteElo "2359"]
[BlackElo "2349"]
[EventDate "2010.02.21"]

1. e4 c5 2. Nf3 d6 3. Nc3 Nf6 4. d4 cxd4 5. Nxd4 a6 6. Bg5 e6 7. f4 Be7 8.
Qf3 h6 9. Bh4 g5 10. fxg5 Nfd7 11. Nxe6 fxe6 12. Qh5+ Kf8 13. Bb5 Rh7 14.
Nd5 exd5 15. O-O+ Kg8 16. g6 Rg7 17. Qxd5+ Kh8 18. Rf7 Qb6+ 19. Kh1 Qxb5
20. Qd2 Qh5 21. Bxe7 Qxg6 22. Rxg7 Qxg7 23. Rf1 Nc6 24. Bh4 Kh7 25. Qxd6
Nde5 26. Bf6 Qd7 27. Qf8 Ng6 28. Qc5 Qf7 29. Kg1 Be6 30. h4 Rf8 31. h5 Nge5
32. Rf4 Nd7 0-1

[Event "Max Euwe Challenge"]
[Site "Amsterdam NED"]
[Date "2010.02.28"]
[Round "9"]
[White "Vedder,H"]
[Black "Bezemer,A"]
[Result "1/2-1/2"]
[WhiteElo "2377"]
[BlackElo "2343"]
[EventDate "2010.02.21"]

1. e4 c5 2. Nf3 d6 3. c3 Nf6 4. h3 Nc6 5. Bd3 g6 6. Bc2 e5 7. d4 exd4 8.
cxd4 cxd4 9. Nxd4 Bg7 10. O-O O-O 11. Re1 Nxd4 12. Qxd4 Re8 13. Qd1 d5 14.
exd5 Rxe1+ 15. Qxe1 Nxd5 16. Bb3 Be6 17. Nc3 Rc8 1/2-1/2